Libro de presupuestos. 1921 / (Record no. 92563)

MARC details
000 -LEADER
campo de control de longitud fija 00459nam a2200145 i 4500
001 - NÚMERO DE CONTROL
campo de control 92563
003 - IDENTIFICADOR DE NÚMERO DE CONTROL
campo de control ES-MaACL
007 - CAMPO FIJO DE DESCRIPCIÓN FÍSICA--INFORMACIÓN GENERAL
campo de control de longitud fija t|
008 - DATOS DE LONGITUD FIJA--INFORMACIÓN GENERAL
campo de control de longitud fija 050224s1921 sp ||||1| spa d
110 2# - ENTRADA PRINCIPAL--NOMBRE DE ENTIDAD CORPORATIVA
Nombre de entidad corporativa o nombre de jurisdicción como elemento de entrada San Sebastián.
Unidad subordinada Ayuntamiento.
9 (RLIN) 6490
245 10 - MENCIÓN DEL TÍTULO
Título Libro de presupuestos. 1921 /
Mención de responsabilidad, etc. Ayuntamiento de San Sebastián.
260 ## - PUBLICACIÓN, DISTRIBUCIÓN, ETC.
Lugar de publicación, distribución, etc. San Sebastián :
Nombre del editor, distribuidor, etc. [s.n.],
Fecha de publicación, distribución, etc. 1921 (
Fabricante Artes Gráficas Merecan)
300 ## - DESCRIPCIÓN FÍSICA
Extensión VII, 216 p. :
Otras características físicas 4 facs. ;
Dimensiones 27 cm.
852 ## - LOCALIZACIÓN
Ubicación ES-MaACL
Número de control de estantería G-13992
Holdings
Estatus retirado Estado de pérdida Estado de daño No para préstamo Biblioteca de origen Biblioteca actual Ubicación en estantería Fecha de adquisición Fuente de adquisición Total de préstamos Signatura topográfica completa Código de barras Visto por última vez Precio de reemplazo Tipo de ítem Koha
        Biblioteca del Ateneo de Madrid Biblioteca del Ateneo de Madrid Sala Pecera Planta 3 17/01/2008     G-13992 1096635 23/02/2023 23/02/2023 Libro impreso